000 00304nam a2200121Ia 4500
005 20251222144711.0
008 251222s9999||||xx |||||||||||||| ||spa||
082 _a251.95/M22
245 0 _aManual Oficial de la Legión de María
250 _a5a.ed.
264 _bConcilium Legionis Mariae
942 _cLIB
999 _c17831
_d17831